000 00365nam a22001097a 4500
005 20241221085637.0
008 241002b |||||||| |||| 00| 0 eng d
245 _aDep-Ed secretary Briones live /
260 _aPhilippines;
_bPublishers Association of the Philippines, Inc.,
_cDecember 2018.
300 _aVolume 66, pages 243-245,
_billustration.
942 _2ddc
_cPER
999 _c22090
_d22090